000 00591nam a2200181 i 4500
001 40796
003 ES-MaACL
005 20230906160317.0
007 t|
008 030307s1861 fr ||||1| fre d
100 1 _aCarey, H. C.
_935236
245 1 0 _aPrincipes de la science sociale /
_cH. C. Carey ; traduits par M. M. Saint-Germain-Leduc et Aug. Planche.
260 _aParis :
_bGuillaumin,
_c1861 (
_eSaint-Denis :
_fA. Moulin)
300 _a3 v. ;
_c23 cm.
700 1 _aPlanche, Augustin.
_992537
700 1 _aSaint-Germain-Leduc (
_d1799-18.)
_9155285
852 _aES-MaACL
_jG-7808-10
999 _c40796
_d40796